000 01487cam a2200253 4500
001 ABS63986
008 000000n2001 000 0 eng u
035 _a(Sirsi) u112673
245 _aCarve yourself a niche
260 _c2001
490 _aEstates Gazette
_v(0118) 5 May 2001, 164-165(20
520 _aA "mainly for students" article looking at the opportunities for property support staff to obtain property-related qualifications to further their career prospects and ultimately gain chartered surveyor status. Outlines the range of property qualifications available, with particular emphasis on NVQs and the ATC. Highlights the importance of obtaining the right type of property experience which should include property marketing, drafting simple licences and tenancy agreements, undertaking rent reviews and lease renewals, assisting with property inspection and valuations, managing service-charge arrangements, following up rent arrears, and making planning enquiries. Provides a list of NVQs available. For further information on NVQs from the RICS contact Rupert Allen on 020 7222 7000 ext. 696; for information on ATCs and APCs, contact customer services on 0870 333 1600.
590 _aABS
650 _aQUALIFICATIONS
650 _aNVQS
650 _aATC
650 _aPROPERTY INDUSTRY
650 _aSURVEYING
650 _aCAREERS, EDUCATION AND TRAINING
650 _aSUPPORT STAFF
650 _aRICS
690 _aEDUCATION-CAREERS
942 _n0
999 _c67066
_d67066